000 00324nam a22001337a 4500
008 170627b xxu||||| |||| 00| 0 eng d
020 _a9951413153
041 _aGER
080 _a82
100 _a21
101 _aGJL
245 _aDAS ALBANISCHE VERBALSYSTEM IN DER SPRACHE DES GJON BUZUKU
_cFIEDLER, W
942 _2udc
_cBK
999 _c19198
_d19198